000 00250nam a2200097Ia 4500
001 1198694
005 20250827021850.0
008 250824s9999 xx 000 0 und d
245 0 _aÖLÜM DİKEN ÜSTÜNDE
_cAGATHA CHRISTIE
260 _bALTIN KİTAPLAR
999 _c1198694
_d1198694